Tourism distribution channels : (Record no. 30851)

000 -LEADER
fixed length control field 00592nam a22001577a 4500
008 - FIXED-LENGTH DATA ELEMENTS--GENERAL INFORMATION
fixed length control field 210125b ||||| |||| 00| 0 eng d
020 ## - INTERNATIONAL STANDARD BOOK NUMBER
International Standard Book Number 9780826454706
050 ## - LIBRARY OF CONGRESS CALL NUMBER
Classification number G 155 .B84 2012
100 ## - MAIN ENTRY--PERSONAL NAME
Personal name Buhalis, Dimitrios
245 ## - TITLE STATEMENT
Title Tourism distribution channels :
Remainder of title practices, issues and transformations/
Statement of responsibility, etc. edited by Dimitrios Buhalis and Eric Laws.
260 ## - PUBLICATION, DISTRIBUTION, ETC. (IMPRINT)
Place of publication, distribution, etc. Australia:
Name of publisher, distributor, etc. Cengage Learning,
Date of publication, distribution, etc. 2012.
300 ## - PHYSICAL DESCRIPTION
Extent xviii, 378 pages :
Other physical details illustrations ;
Dimensions 25 cm
650 ## - SUBJECT ADDED ENTRY--TOPICAL TERM
Topical term or geographic name as entry element Tourism -- Management.
650 ## - SUBJECT ADDED ENTRY--TOPICAL TERM
Topical term or geographic name as entry element Marketing channels.
942 ## - ADDED ENTRY ELEMENTS (KOHA)
Source of classification or shelving scheme
Koha item type Hard Covered Materials
Classification part G 155 .B84 2012
Holdings
Withdrawn status Lost status Source of classification or shelving scheme Damaged status Not for loan Home library Current library Shelving location Date acquired Source of acquisition Cost, normal purchase price Total Checkouts Full call number Barcode Date last seen Price effective from Koha item type
          MACHAKOS UNIVERSITY LIBRARY MACHAKOS UNIVERSITY LIBRARY Open shelf 25/01/2021 Njigua Books 6685.00   G 155 .B84 2012 23498 25/01/2021 25/01/2021 Hard Covered Materials
          MACHAKOS UNIVERSITY LIBRARY MACHAKOS UNIVERSITY LIBRARY Open shelf 25/01/2021 Njigua Books 6685.00   G 155 .B84 2012 23497 25/01/2021 25/01/2021 Hard Covered Materials
© Machakos University Library, Along The Highway, Machakos Wote Rd, Machakos, Kenya P.O. Box 136 - 90100 Machakos - Kenya

Tel: ( +254 ) 723 805829 OR Fax : 044-20353 OR Email: library@mksu.ac.ke